| 000 | 00756cam a2200265 a 4500 | ||
|---|---|---|---|
| 001 | 10449 | ||
| 003 | BD-RjUL | ||
| 005 | 20211208234944.0 | ||
| 008 | 140123s1995 caua 001 0 eng | ||
| 020 | _a0805366504 | ||
| 035 | _a(BD-RjUL)10497 | ||
| 040 |
_aDLC _cDLC _dDLC _dBD-RjUL _beng |
||
| 041 | _aeng | ||
| 082 | 0 | 0 |
_a547 _220 _bLOO 1995 |
| 100 | 1 |
_aLoudon, G. Marc. _932283 |
|
| 245 | 1 | 0 |
_aOrganic chemistry / _cG. Marc Loudon. |
| 250 | _a3rd ed. | ||
| 260 |
_aRedwood City, Calif. : _bBenjamin/Cummings Pub. Co., _cc1995. |
||
| 300 |
_a1 v. (various pagings) : _bill. (some col.) ; _c26 cm. |
||
| 500 | _aIncludes index. | ||
| 650 | 0 |
_aChemistry, Organic. _932284 |
|
| 942 |
_2ddc _cBK |
||
| 999 |
_c10449 _d10449 |
||